01480cas a2200349 450000100090000000300060000900500170001500700030003200800410003501000310007602200170010703500240012403700100014804000830015804200140024105000150025511000690027021000310033922200400037024500410041026000680045130000220051931000380054132100290057936200160060844000560062450000650068050002930074565000270103865000410106570000240110610545037AUA.120130528151611.0t|850720c19639999miufr p 0 a0eng c a 74645601 zsc 76000812  a0003-298021 a(OCoLC)ocm01780045  b49104 aMnMULScMnMULSdMBTIdNSDPdDLCdOCoLCdAIPdNSDPdAIPdOCoLCdDLCdTNJdOCoLC ansdpapcc00aBR1b.A53a2 aAndrews University.bSeventh-Day Adventist Theological Seminary.0 aAndrews Univ. Semin. stud. 0aAndrews University Seminary studies10aAndrews University Seminary studies. aBerrien Springs, Mich.,bAndrews University Press.cspring 2002 bill.c23 cm.av.: a2 issues yearly,b aFrequency varies,b1963-0 aspring 2002 aAndrews University Seminary Studies.vVol. 40, No.1 a"Journal of the Seventh-Day Adventist Theological Seminary." aDoes the author of Revelation misappropriate the scriptures?; The sabbath in Mathew 24:20; Reading Paul in a New Paradigm; The day of dedication or the day of atonement?; Inauguration or day of atonement? a response Norman young; Joshua's reception of the laying on of Hands; Archeology;  0aTheologyvPeriodicals. 0aTheological seminariesxPeriodicals. aJerry Moon eEditor